Review of implementation of Basket II of the Helsinki Final Act : hearing before the Subcommittee on International Economic Policy and Trade of the Committee on Foreign Affairs, House of Representatives, and the Commission on Security and Cooperation in Europe, Ninety-sixth Congress, second session, March 6, 1980.

Bibliographic Details
Corporate Authors: United States. Congress. House. Committee on Foreign Affairs. Subcommittee on International Economic Policy and Trade, ProQuest (Firm), United States. Congress. Commission on Security and Cooperation in Europe
Format: Government Document eBook
Language:English
Published: Washington : U.S. G.P.O., 1980.
Series:U.S. Congressional Hearings.
Subjects:
Online Access:Connect to the full text of this electronic book

MARC

Tag First Indicator Second Indicator Subfields
LEADER 00000cam a22000001a 4500
001 in00003207421
006 m d f
007 cr bn mmmapmmp
008 100323s1980 dcu ob f000 0 eng d
005 20260511210610.6
035 |a cis2007493191 
040 |a UMI  |c UMI  |d UtOrBLW 
043 |a n-us--- 
074 |a 1017 
086 0 |a Y 4.F 76/1:B 29 
099 |a HRG-1980-FOA-0069 
110 1 |a United States.  |b Congress.  |b House.  |b Committee on Foreign Affairs.  |b Subcommittee on International Economic Policy and Trade. 
245 1 0 |a Review of implementation of Basket II of the Helsinki Final Act :  |b hearing before the Subcommittee on International Economic Policy and Trade of the Committee on Foreign Affairs, House of Representatives, and the Commission on Security and Cooperation in Europe, Ninety-sixth Congress, second session, March 6, 1980. 
264 1 |a Washington :  |b U.S. G.P.O.,  |c 1980. 
300 |a 1 online resource. 
336 |a text  |b txt  |2 rdacontent 
337 |a computer  |b c  |2 rdamedia 
338 |a online resource  |b cr  |2 rdacarrier 
500 |a Record is based on bibliographic data in ProQuest Congressional Hearings Digital Collection. Reuse except for individual research requires license from ProQuest, LLC. 
504 |a Includes bibliographical references. 
538 |a System requirements: PDF reader software. 
500 |a Electronic resource. 
611 2 0 |a Conference on Security and Cooperation in Europe  |d (1972-1975 :  |c Helsinki, Finland) 
650 0 |a East-West trade. 
651 0 |a Europe, Eastern  |x Commerce  |z United States. 
651 0 |a United States  |x Commerce  |z Europe, Eastern. 
655 7 |a Electronic books.  |2 local 
710 2 |a ProQuest (Firm) 
710 1 |a United States.  |b Congress.  |b Commission on Security and Cooperation in Europe. 
776 0 8 |i Print version:   |a United States. Congress. House. Committee on Foreign Affairs. Subcommittee on International Economic Policy and Trade  |t Review of implementation of Basket II of the Helsinki Final Act  |w (OCoLC)06986203  |w gp 81003032 
776 0 8 |i Microfiche version:   |a United States. Congress. House. Committee on Foreign Affairs. Subcommittee on International Economic Policy and Trade  |t Review of implementation of Basket II of the Helsinki Final Act.  |d [Bethesda, Md.] : ProQuest,[2004]  |o CIS 81 H381-4  |w (ProQuest)cis08100611 
830 0 |a U.S. Congressional Hearings. 
856 4 0 |u http://proxy.library.tamu.edu/login?url=https://congressional.proquest.com/congcomp/getdoc?HEARING-ID=HRG-1980-FOA-0069  |z Connect to the full text of this electronic book  |t 0 
998 |a cis08100611 
999 |a MARS 
999 f f |s 895e3721-9e9a-374a-8684-27f46db1e563  |i 9fb82c3f-f722-35c3-9269-7ee6120d0f26  |t 0 
952 f f |a Texas A&M University  |b College Station  |c Electronic Resources  |s www_evans  |d Available Online  |t 0  |e HRG-1980-FOA-0069  |h Other scheme 
998 f f |a HRG-1980-FOA-0069  |t 0  |l Available Online